The elements of genetics /

Bibliographic Details
Main Author: Darlington, C. D. (Cyril Dean), 1903-1981
Other Authors: Mather, Kenneth, 1911-1990
Format: Book
Language:English
Published: New York : MacMillan company, [1949]
Subjects:

MARC

Tag First Indicator Second Indicator Subfields
LEADER 00000cam a2200000 4500
001 in00000040041
005 20151007070506.0
008 750730s1949 enka b 00010 eng u
010 |a  50001518  
035 |a (OCoLC)01489982 
035 |9 AAE4124AM 
040 |c FQG  |d TXA  |d UtOrBLW 
049 |a TXAM  |c 2 [174271] 
050 0 0 |a QH431  |b .D2115 
082 0 |a 575.12 
092 |a 575  |b D221e 
100 1 |a Darlington, C. D.  |q (Cyril Dean),  |d 1903-1981. 
245 1 4 |a The elements of genetics /  |c by C. D. Darlington and K. Mather. 
264 1 |a New York :  |b MacMillan company,  |c [1949] 
300 |a 446 pages :  |b illustrations ;  |c 23 cm. 
336 |a text  |b txt  |2 rdacontent 
337 |a unmediated  |b n  |2 rdamedia 
338 |a volume  |b nc  |2 rdacarrier 
504 |a Includes bibliographic references and index. 
650 0 |a Genetics. 
700 1 |a Mather, Kenneth,  |d 1911-1990. 
999 |a MARS 
999 f f |s 1d749d1e-fa30-3670-b53a-66c205789dae  |i 8264b564-dea0-38c1-85ea-29c15dd000c2  |t 0 
952 f f |p ric  |a Texas A&M University  |b Rellis Campus  |c Joint Library Facility  |d Remote Storage  |t 0  |e QH431 .D2115  |h Library of Congress classification  |i unmediated -- volume  |m A14800976884 
998 f f |a QH431 .D2115  |t 0  |l Remote Storage